Quiz sur Avengers Endgame - Statistiques

Statistiques générales
  • Ce quiz a été pris 1 772 fois
  • Le résultat moyen est 11 sur 20
Statistiques - réponses
Question Réponse % Correct
Qui est digne de porter Mjolnir ? Captain America
93%
Qui part pour Vormir récupérer la pierre de l'Âme ? Black Widow et Hawkeye
90%
Qui part pour Asgard récupérer la pierre de la Réalité/l'Éther ? Rocket et Thor
90%
Que devient Clint Barton alias Hawkeye après la disparition de sa famille ? (Suite question 12) Un meurtrier
85%
Qui part pour Morag récupérer la pierre du Pouvoir/l'Orbe ? War Machine et Nebula
75%
Qui part pour New York récupérer la Pierre de l'Espace/ le Tesseract ? Ant Man
68%
Quel armée ne participe pas à la bataille finale ? Le Shield
66%
Laquelle de ses personnes n'est pas présente à l'enterrement de Tony Stark ? Gamora
62%
Que devient Bruce Vanner ? Il fusionne le cerveau et la force et devient Professeur Hulk
52%
Parmi ses personnages qui ne participe pas à la bataille finale ? Nakia
48%
Que dit Thanos avant de "Snaper" une seconde fois ? Je suis désormais inéluctable
44%
(Suite question 11) Sous quelle identité ? Ronin
44%
Que dit Iron Man avant de mourir ? Et moi je suis Iron Man
43%
Quel âge a la fille de Scott Lang cinq ans après le "Snap" de Thanos ? 15 ans
41%
Dans la bataille finale qui meurt sous la lance d'Okoye ? Corvus Glaive
37%
Laquelle de ses personnes n'est pas présente lors de l'enterrement de Tony Stark ? Ramonda
37%
Comment est nommé Pepper Potts avec son armure ? Rescue
37%
Comment s'appelle la fille de Tony Stark et Pepper Potts ? Morgane
32%
Quel armée ne participe pas à la bataille finale ? Les Souverains
31%
Dans la bataille finale qui meurt sous le pied de Giant Man (Ant Man XXL) ? Cull Obsidian
28%
Aucun quiz correspondant
Distribution des résultats
% des personnes avec chaque résultat
Percentile par nombre de réponses
Votre historique - résultats
Vous n’avez pas pris ce quiz